Score 0/7 Timer 03:00
0 Plays Today
Question Answer Wrong Answers
This English actor, known for his starring role as Mohandas Gandhi in the 1982 film ‘Gandhi’, is born.
1943
Ben Kingsley
91.2%
Alec Guinness
1.4%
Omar Sharif
5.6%
Amitabh Bachchan
1.8%
In compliance with a 1977 treaty, the government of this nation formally hands control of the Panama Canal over to Panama.
1999
United States
78.1%
United Kingdom
8.9%
France
5.3%
Colombia
5.5%
Boris Yeltsin, the first President of Russia, resigns from office, leaving Prime Minister ______ as the acting President and successor.
1999
Vladimir Putin
76.9%
Dmitry Medvedev
16.2%
Vyacheslav Volodin
0.9%
Sergey Kiriyenko
4%
______ becomes the first US corporation to be worth over $10 billion.
1955
General Motors
69.3%
Exxon Mobil
22.2%
Berkshire Hathaway
5.2%
Merrill Lynch
2.8%
Taipei 101 opens to the public in Taiwan. It will remain the tallest skyscraper in the world until 2010, when it is overtaken by the ______ in Dubai.
2004
Burj Khalifa
68.6%
Abraj Al-Bait Clock Tower
8.5%
Lotte World Tower
3.5%
Petronas Tower
17%
The final strip of this Bill Watterson comic runs in Sunday newspapers.
1995
Calvin and Hobbes
66.1%
Family Circus
11.4%
The Far Side
10.5%
Beetle Bailey
10.3%
At a New Year’s Eve party, and with a rebel victory looming, this Cuban dictator tells his Cabinet he is fleeing the country.
1958
Fulgencio Batista
58.5%
Fidel Castro
28.4%
Raúl Castro
2.2%
Ernesto ‘Che’ Guevara
9.8%
Remove Ads.
Support Sporcle.
Get the best of Sporcle when you Go Orange. This ad-free experience offers more features, more stats, and more fun while also helping to support Sporcle. Thank you for becoming a member.

You're not logged in!

Compare scores with friends on all Sporcle quizzes.
OR
Log In

Show Comments

Extras

Top Quizzes Today


Score Distribution

Your Account Isn't Verified!

In order to create a playlist on Sporcle, you need to verify the email address you used during registration. Go to your Sporcle Settings to finish the process.

Report this User

Report this user for behavior that violates our Community Guidelines.

Details: